000
00226nam a22000857a 4500
008
170301b xxu||||| |||| 00| 0 eng d
100
_9
2969
_a
Allen.C
245
_a
Grovers Guide to good Mannars
260
_a
New delhi
_b
Scholastcs
_c
2006
999
_c
6213
_d
6213